| 000 | 00527nam a2200205Ia 4500 | ||
|---|---|---|---|
| 003 | OSt | ||
| 005 | 20220926043303.0 | ||
| 006 | a|||||r|||| 00| 0 | ||
| 007 | ta | ||
| 008 | 220923b |||||||| |||| 00| 0 eng d | ||
| 037 | _cGeneral Book | ||
| 040 |
_aRTL _cRTL _beng |
||
| 041 |
_2eng _aeng |
||
| 082 | _aV4:12.N5z7 | ||
| 100 |
_aSpann R N Ed. _9347544 |
||
| 245 | 0 | _aConstitutionalism in Asia | |
| 650 |
_aAsia History _936569 |
||
| 942 |
_hV4:12.N5z7 _cGB _2CC |
||
| 999 |
_c671975 _d671975 |
||